000 00295nam a22001337a 4500
008 171101b xxu||||| |||| 00| 0 eng d
020 _a2900226065662
041 _aeng
080 _23RD
_a33
100 _a59
101 _aBUS
245 _aTHE CRAFT OF RESEARCH
_cBOOTH,W.C
942 _2udc
_cBK
999 _c36945
_d36945